Loading...
1974 Yearbook of Agriculture
| Main Author: | |
|---|---|
| Format: | Printed Book |
| Language: | Undetermined English |
| Published: |
Washington
U.S Govt ptinting office
1974
|
| Subjects: |
| LEADER | 00562nam a2200169Ia 4500 | ||
|---|---|---|---|
| 008 | 140306s9999 xx 000 0 und d | ||
| 041 | |a eng | ||
| 082 | |a 630 |b USD/YE | ||
| 100 | |a U.S Department, Of Agriculture | ||
| 245 | |a 1974 Yearbook of Agriculture | ||
| 260 | |a Washington |b U.S Govt ptinting office |c 1974 | ||
| 300 | |a 358 | ||
| 365 | |b USD.5.70 | ||
| 650 | |a Agriculture | ||
| 942 | |2 ddc |c BK | ||
| 999 | |c 117709 |d 117709 | ||
| 952 | |0 0 |1 0 |2 ddc |4 0 |6 630_000000000000000_USDYE |7 0 |9 116635 |a KAUHCV |b KAUHCV |d 2004-04-29 |g 5.70 |o 630 USD/YE |p KAU_HCV-13041 |r 2014-03-22 |w 2014-03-22 |y BK | ||